书目信息 |
| 题名: |
唐璜
|
|
| 作者: | 拜伦 , Byron 著 ;朱维基 译 | |
| 分册: | 下 | |
| 出版信息: | 上海 上海译文出版社 1978 |
|
| 页数: | 2册(1013页) | |
| 开本: | 20cm | |
| 丛书名: | ||
| 单 册: | ||
| 中图分类: | I561.2 | |
| 科图分类: | ||
| 主题词: | 诗歌--英国--近代 , 文学 | |
| 电子资源: | ||
| ISBN: | ||
| 000 | 00724nam0 2200277 45 | |
| 001 | 0178003687 | |
| 005 | 20040325092021.8 | |
| 010 | @dCNY3.05 | |
| 091 | @a10188.28 | |
| 100 | @a19950721d1978 em y0chiy0121 ea | |
| 101 | 1 | @achi@ceng |
| 102 | @aCN@b310000 | |
| 105 | @ay z 000gy | |
| 106 | @ar | |
| 200 | 10 | @a唐璜@Atang huang@h下@f(英)拜伦(G.G.Byron)著@g朱维基译 |
| 210 | @a上海@c上海译文出版社@d1978 | |
| 215 | @a2册(1013页)@d20cm | |
| 300 | @a书名原文:Don Juan | |
| 606 | @a诗歌@y英国@z近代 | |
| 606 | 0 | @a文学 |
| 690 | @aI561.2@v3 | |
| 701 | 1 | @a拜伦@Abai lun@bG.G.@4著 |
| 701 | A1 | @aByron@bG.G.@4著 |
| 702 | 0 | @a朱维基@Azhu wei ji@4译 |
| 801 | 0 | @aCN@bNLC@c20040325 |
| 905 | @f1@b780@dI561.2@e222:2 | |
| 唐璜.下/(英)拜伦(G.G.Byron)著/朱维基译.-上海:上海译文出版社,1978 |
| 2册(1013页);20cm |
| 书名原文:Don Juan |
| ISBN :CNY3.05 |
| ● |
| 相关链接 |
|
|
|
|
正题名:唐璜
索取号:I561.2/222:2
 
预约/预借
| 序号 | 登录号 | 条形码 | 馆藏地/架位号 | 状态 | 备注 |
| 1 | 0000780 | 001913362 | 密集书库/ [索取号:I561.2/222:2] | 在馆 |